000 00776nam a2200205Ia 4500
005 20251020182608.0
008 200515s9999 xx 000 0 und d
082 _aSC/621.3.025/R21
100 _aRAMIREZ VASQUEZ, José
245 0 _aManual de reparación de máquinas de corriente alterna
260 _aBarcelona
260 _c1979
300 _a148
520 _aComprende tres capítulos que se dedican sucesivamente, al estudio de las arenías en los motores trifásicos de inducción, en los motores monofásicos de inducción (de fase partida y de condensador) y, finalmente , en los motores monofásicos de repulsión. Fi
650 _aCORRIENTE ALTERNA
650 _aMANUALES
650 _aMOTORES MONOFASICOS
650 _aMOTORES TRIFASICOS
942 _cLIB
999 _c3268
_d3268